Federico Krause (Record no. 136083)
[ view plain ]
| 000 -LEADER | |
|---|---|
| campo de control de longitud fija | 00623nam a2200169 4500 |
| 001 - NÚMERO DE CONTROL | |
| campo de control | 136083 |
| 003 - IDENTIFICADOR DE NÚMERO DE CONTROL | |
| campo de control | ES-MaACL |
| 005 - FECHA Y HORA DE LA ÚLTIMA TRANSACCIÓN | |
| campo de control | 20230906195030.0 |
| 007 - CAMPO FIJO DE DESCRIPCIÓN FÍSICA--INFORMACIÓN GENERAL | |
| campo de control de longitud fija | t| |
| 008 - DATOS DE LONGITUD FIJA--INFORMACIÓN GENERAL | |
| campo de control de longitud fija | 070214s1915 sp r ||||1| spa d |
| 100 1# - ENTRADA PRINCIPAL--NOMBRE DE PERSONA | |
| Nombre de persona | Ruiz de Obregón y Retortillo, Juan. |
| 9 (RLIN) | 100765 |
| 245 10 - MENCIÓN DEL TÍTULO | |
| Título | Federico Krause |
| Resto del título | : discurso compuesto para obtener el grado de Doctor en Filosofía y Letras / |
| Mención de responsabilidad, etc. | por el Licenciado D. Juan Ruiz de Obregón y Retortillo. |
| 260 ## - PUBLICACIÓN, DISTRIBUCIÓN, ETC. | |
| Lugar de publicación, distribución, etc. | Madrid : |
| Nombre del editor, distribuidor, etc. | [s. n.], |
| Fecha de publicación, distribución, etc. | 1915 ( |
| Fabricante | Imp. Gómez Fuentenebro) |
| 300 ## - DESCRIPCIÓN FÍSICA | |
| Extensión | 43 p. ; |
| Dimensiones | 23 cm. |
| 600 14 - PUNTO DE ACCESO ADICIONAL DE MATERIA--NOMBRE DE PERSONA | |
| Nombre de persona | Krause, Karl Christian Friedrich. |
| 9 (RLIN) | 68762 |
| 852 ## - LOCALIZACIÓN | |
| Ubicación | ES-MaACL |
| Número de control de estantería | 1716-F-13 |
| Estatus retirado | Estado de pérdida | Estado de daño | No para préstamo | Colección | Biblioteca de origen | Biblioteca actual | Ubicación en estantería | Fecha de adquisición | Fuente de adquisición | Total de préstamos | Signatura topográfica completa | Código de barras | Visto por última vez | Precio de reemplazo | Tipo de ítem Koha |
|---|---|---|---|---|---|---|---|---|---|---|---|---|---|---|---|
| Colección de folletos | Biblioteca del Ateneo de Madrid | Biblioteca del Ateneo de Madrid | Depósito folletos | 17/01/2008 | 1716-F-13 | 1141630 | 23/02/2023 | 23/02/2023 | Folleto |
